书目信息 |
| 题名: |
汉字书写要领字典
|
|
| 作者: | 张国宏 , 刘民钢 , 陈五云 编写 | |
| 分册: | ||
| 出版信息: | 上海 上海大学出版社 2004.5 |
|
| 页数: | 19,544页 | |
| 开本: | 19cm | |
| 丛书名: | ||
| 单 册: | ||
| 中图分类: | H124.1-61 | |
| 科图分类: | ||
| 主题词: | 汉字--han zi--书写规则--字典 , 汉字--han zi , 书写规则--shu xie gui ze | |
| 电子资源: | ||
| ISBN: | 7-81058-675-0 | |
| 000 | 01233nam0 2200373 450 | |
| 000 | 01262nam0 2200373 450 | |
| 000 | 01225nam0 2200361 450 | |
| 000 | 01208nam0 2200361 450 | |
| 000 | 01171nam0 2200349 450 | |
| 001 | CAL 012006062897 | |
| 005 | 20061027153508.01 | |
| 010 | @a7-81058-675-0@dCNY28.80 | |
| 099 | @aCAL 012006062897 | |
| 100 | @a20060830d2004 em y0chiy0120 ea | |
| 101 | 0 | @achi |
| 102 | @aCN@b310000 | |
| 105 | @ay e 001yy | |
| 200 | 1 | @a汉字书写要领字典@Ahan zi shu xie yao ling zi dian@f张国宏, 刘民钢, 陈五云编写 |
| 210 | @a上海@c上海大学出版社@d2004.5 | |
| 215 | @a19,544页@d19cm | |
| 314 | @a刘民钢, 上海师范大学文学博士、教授。 | |
| 314 | @a陈五云, 上海师范大学副教授。 | |
| 314 | @a张国宏, 上海大学副教授、中国书法家协会会员。 | |
| 320 | @a有索引 | |
| 330 | @a本书在讲使用功能的大前提下, 抓住了汉字构成的特点, 从结构上予以分门别类, 指导读者运笔书写。 | |
| 606 | 0 | @a汉字@Ahan zi@x书写规则@j字典 |
| 606 | 0 | @a汉字@Ahan zi |
| 606 | 0 | @a书写规则@Ashu xie gui ze |
| 690 | @aH124.1-61@v4 | |
| 701 | 0 | @a张国宏@Azhang guo hong@4编写 |
| 701 | 0 | @a刘民钢@Aliu min gang@4编写 |
| 701 | 0 | @a陈五云@Achen wu yun@4编写 |
| 801 | 0 | @aCN@c20061027 |
| 905 | @a10447@dH124.1-61@eZ100 | |
| 汉字书写要领字典/张国宏, 刘民钢, 陈五云编写.-上海:上海大学出版社,2004.5 |
| 19,544页;19cm |
| ISBN 7-81058-675-0:CNY28.80 |
| 本书在讲使用功能的大前提下, 抓住了汉字构成的特点, 从结构上予以分门别类, 指导读者运笔书写。 |
| ● |
| 相关链接 |
|
|
|
正题名:汉字书写要领字典
索取号:H124.1-61/Z100
 
预约/预借
| 序号 | 登录号 | 条形码 | 馆藏地/架位号 | 状态 | 备注 |
| 1 | 631849 | 206318493 | 语言库209/209语言库 71排2列2层/ [索取号:H124.1-61/Z100] | 在馆 | |
| 2 | 631850 | 206318509 | 语言库209/209语言库 71排2列2层/ [索取号:H124.1-61/Z100] | 在馆 |